| 000 | 00394nam a2200157Ia 4500 | ||
|---|---|---|---|
| 008 | 230312s9999||||xx |||||||||||||| ||und|| | ||
| 020 | _a0-07-070206-6 | ||
| 082 |
_a621.3819 _bKAL-E |
||
| 100 | _aKalsi;H.S | ||
| 245 | 0 | _aElectronic Instrumentation | |
| 260 |
_bMcGraw Hill _aIndia _c2012 |
||
| 300 | _a829 | ||
| 546 | _aEng. | ||
| 650 |
_aEngineering _vElectronic Instrumentation |
||
| 942 | _cBK | ||
| 999 |
_c7692 _d7692 |
||